[Event "European Online CC GpG"]
[Site "Tornelo INT"]
[Date "2021.03.27"]
[Round "2.3"]
[Board "3"]
[White "Gnojek, Petr"]
[Black "Kostolansky, Sebastian Lukas"]
[Result "0-1"]
[BlackTitle "FM"]
[WhiteElo "2267"]
[BlackElo "2393"]
[WhiteTeam "BSS Frydek-Mistek"]
[BlackTeam "Slovakia Chess Academy"]
[WhiteFideId "371807"]
[BlackFideId "14950596"]
[EventDate "2021.03.27"]
[EventType "team"]

1. d4 Nf6 2. c4 e6 3. Nc3 Bb4 4. Qc2 c5 5. dxc5 Na6 6. e3 O-O 7. Nf3 Nxc5 8. Bd2
b6 9. Be2 Bb7 10. O-O d6 11. Rad1 Qe7 12. a3 Bxc3 13. Bxc3 e5 14. b4 Ne6 15. Bb2
Rac8 16. Qa4 Bc6 17. Qb3 Ne4 18. Nd2 N4g5 19. f3 f5 20. Nb1 f4 21. c5 bxc5 22.
bxc5 d5 23. Bxe5 Nxc5 24. Qc3 Nd7 25. exf4 Ba4 26. Qd4 Bxd1 27. Qxd5+ Nf7 28.
Bxd1 Nxe5 29. fxe5 Qxe5 30. Qxe5 Nxe5 31. Bb3+ Kh8 32. Kf2 Rfd8 33. Kg3 Rd3 34.
Be6 Rb8 35. Bf5 Rdb3 36. Rd1 g6 37. Be4 Nc4 38. Bd5 Rxb1 39. Rxb1 Rxb1 40. Bxc4
Ra1 0-1

[Event "European Online CC GpG"]
[Site "Tornelo INT"]
[Date "2021.03.27"]
[Round "3.2"]
[Board "4"]
[White "Murzin, Volodar"]
[Black "Tazbir, Marcin"]
[Result "1/2-1/2"]
[WhiteTitle "IM"]
[BlackTitle "GM"]
[WhiteElo "2478"]
[BlackElo "2513"]
[WhiteTeam "New Old Boys"]
[BlackTeam "Klub Szachowy Polonia Wroclaw"]
[WhiteFideId "44155573"]
[BlackFideId "1122452"]
[EventDate "2021.03.27"]
[EventType "team"]

1. e4 c5 2. Nf3 e6 3. g3 Nc6 4. Bg2 g6 5. O-O Bg7 6. Qe2 Nge7 7. d3 O-O 8. Nbd2
d6 9. a4 b6 10. c3 Bb7 11. Re1 Qd7 12. h4 Rae8 13. h5 e5 14. Nc4 d5 15. exd5
Nxd5 16. hxg6 hxg6 17. Ng5 Ba8 18. Qf1 Nc7 19. Bd2 Rd8 20. Re3 Nd5 21. Bxd5 Qxd5
22. Qh3 Rfe8 23. Qh7+ Kf8 24. Rf3 Rd7 25. Ne4 f5 26. Bh6 Bxh6 27. Qxh6+ Rg7 28.
Ncd6 Re7 29. g4 Qe6 30. Kf1 f4 31. Rh3 Nd8 32. Qg5 Nf7 33. Nxf7 Kxf7 34. Rh8
Bxe4 35. dxe4 Rd7 36. Kg1 Rg8 37. Rh7+ Rg7 38. Rh8 Rg8 39. Rh7+ Rg7 40. Rh8 1/2-1/2

[Event "European Online CC GpG"]
[Site "Tornelo INT"]
[Date "2021.03.28"]
[Round "5.5"]
[Board "4"]
[White "Paseka, Matyas"]
[Black "Hasanzade, Toghrul"]
[Result "1/2-1/2"]
[BlackTitle "IM"]
[WhiteElo "2069"]
[BlackElo "2322"]
[WhiteTeam "BSS Frydek-Mistek"]
[BlackTeam "Nakhchivan - Noah's Land"]
[WhiteFideId "23703296"]
[BlackFideId "13407716"]
[EventDate "2021.03.27"]
[EventType "team"]

1. e4 c6 2. d4 d5 3. exd5 cxd5 4. c4 Nf6 5. Nc3 g6 6. cxd5 Bg7 7. Qb3 O-O 8. Be2
Na6 9. Bf3 Qb6 10. Qxb6 axb6 11. Nge2 Nb4 12. O-O Rd8 13. Bg5 Nbxd5 14. Nxd5
Nxd5 15. Nc3 Be6 16. Nxd5 Bxd5 17. Bxe7 Rd7 18. Bxd5 Rxd5 19. Rac1 Bxd4 20. Rcd1
Kg7 21. Rd2 Re8 22. Bb4 Kf6 23. Rxd4 Rxd4 24. Bc3 Rd8 25. Rd1 Ke5 26. f3 b5 27.
b4 f5 28. Kf2 f4 29. g4 Rd5 30. Rd2 Rd6 31. Rd1 Rd5 32. Rd2 Rd6 1/2-1/2

[Event "European Online CC GpG"]
[Site "Tornelo INT"]
[Date "2021.03.28"]
[Round "8.2"]
[Board "2"]
[White "Stalmach, Richard"]
[Black "Najer, Evgeniy"]
[Result "0-1"]
[WhiteTitle "FM"]
[BlackTitle "GM"]
[WhiteElo "2296"]
[BlackElo "2648"]
[WhiteTeam "BSS Frydek-Mistek"]
[BlackTeam "New Old Boys"]
[WhiteFideId "372048"]
[BlackFideId "4118987"]
[EventDate "2021.03.27"]
[EventType "team"]

1. d4 Nf6 2. c4 e6 3. Nc3 Bb4 4. e3 O-O 5. Bd3 c5 6. Ne2 d5 7. a3 Ba5 8. dxc5
dxc4 9. Bxc4 Qxd1+ 10. Kxd1 Ng4 11. Ke1 Ne5 12. Ba2 Nd3+ 13. Kf1 Rd8 14. b4 Bc7
15. f4 b6 16. Nb5 Na6 17. c6 Ndxb4 18. Ned4 Nxc6 19. Bb2 Bb7 20. Rc1 Nxd4 21.
Bxd4 Bd6 22. Nxd6 Rxd6 23. Ke2 Nc5 24. Rhg1 Rad8 25. g4 Kf8 26. f5 e5 27. Bc3
Ba6+ 28. Kf3 Bb7+ 29. Ke2 f6 30. Bc4 Ba6 31. Bxa6 Nxa6 32. Rc2 Kf7 33. g5 Rc6
34. Rd2 Rxd2+ 35. Bxd2 Nc5 36. g6+ hxg6 37. fxg6+ Ke6 38. h4 Rc8 39. Kf3 Rh8 40.
Kg4 f5+ 41. Kh3 Ne4 42. Be1 Kf6 43. Rg2 Rh6 44. Rc2 Rxg6 45. Rc6+ Kf7 46. Rc7+
Ke6 47. Rc6+ Kf7 48. Rc7+ Ke6 49. Rc6+ Nd6 50. Rc7 f4 51. exf4 exf4 52. Rxa7 f3
53. Ra6 Nc4 54. Ra4 Kd5 55. Rb4 Rg2 56. Bg3 Rg1 57. Bf2 Rg2 58. Bg3 Ra2 59. Rb5+
Ke4 60. Rb4 Kd4 61. a4 f2 62. Rb1 Ne3 63. Bxf2 Rxf2 64. Rxb6 Rf3+ 65. Kh2 Nf5
66. a5 Ra3 67. a6 Ke4 68. Rg6 Kf4 69. h5 Ra2+ 70. Kh3 Ra5 71. Kg2 Nh4+ 0-1